Normal view
MARC view
Entry Topical Term
001 - CONTROL NUMBER
- control field: 772436
003 - CONTROL NUMBER IDENTIFIER
- control field:
005 - DATE AND TIME OF LATEST TRANSACTION
- control field: 20210627053438.0
008 - FIXED-LENGTH DATA ELEMENTS
- fixed length control field: 210627|| aca||aabn | a|a d
040 ## - CATALOGING SOURCE
- Original cataloging agency:
- Transcribing agency:
150 ## - HEADING--TOPICAL TERM
- Topical term or geographic name entry element: Geology
- Geographic subdivision: Montana
- General subdivision: Survey
670 ## - SOURCE DATA FOUND
- Source citation: Work cat.: ()653251: James, Harold Lloyd, 1912- 772434, Bedded Precambrian iron deposits of the Tobacco Root Mountains, southwestern Montana /, 1981
